| 000 | 00735cam a2200253 i 4500 | ||
|---|---|---|---|
| 005 | 20260322212023.0 | ||
| 008 | data | ||
| 010 | _a 77076017 | ||
| 020 |
_a0688031846 : _c{dollar}10.00 |
||
| 020 |
_a9780688031848 : _c{dollar}10.00 |
||
| 040 |
_aDLC _cDLC _dDLC |
||
| 043 | _an-us--- | ||
| 050 | 0 | 0 |
_aPN4874.R28 _bA33 |
| 082 | 0 | 0 |
_aB _aB |
| 100 | 1 | _aRather, Dan. | |
| 245 | 1 | 4 |
_aThe camera never blinks : _badventures of a TV journalist / _cDan Rather & Mickey Herskowitz. |
| 260 |
_aNew York : _bW. Morrow, _c1977. |
||
| 300 |
_a320 p. ; _c25 cm. |
||
| 500 | _aIncludes index. | ||
| 600 | 1 | 0 | _aRather, Dan. |
| 650 | 0 |
_aTelevision journalists _zUnited States _vBiography. |
|
| 700 | 1 |
_aHerskowitz, Mickey, _ejoint author. |
|
| 001 | data | ||
| 999 |
_c523 _d523 |
||